000 00437nam a2200193Ia 4500
005 20240823045413.0
008 240823s9999||||xx |||||||||||||| ||und||
020 _a81-88909-37-8
041 _aENGLISH
082 _A660.65
100 _aDinesh Dwivedi
245 0 _aDictionary of Genetics
250 _aI
260 _bIntellectual Book B
500 _aDISPLAY
650 _aGenetics
_bGeneral
942 _cBK
999 _c214881
_d214881